5 Largest Islands by Archipelago - Statistics

General Stats
  • This quiz has been taken 1,146 times
  • The average score is 33 of 60
Answer Stats
Archipelago Five largest islands ... % Correct
Japan Honshu
95%
Japan Hokkaido
94%
Greater Antilles Cuba
91%
British Isles Ireland
91%
Greater Antilles Hispaniola
90%
Greater Antilles Jamaica
90%
British Isles Great Britain
89%
Aegean Islands Crete
88%
Philippines Luzon
88%
Channel Islands (Europe) Jersey
86%
Arctic archipelago (Canada) Baffin
85%
Lesser Antilles Trinidad
84%
Channel Islands (Europe) Guernsey
81%
Hawaii Hawaiʻi
80%
Hawaii Oʻahu
80%
Greater Antilles Puerto Rico
79%
Sunda Islands Java
73%
Japan Kyushu
73%
Sunda Islands Borneo
72%
Sunda Islands Sumatra
72%
Canary Islands Tenerife
72%
Aegean Islands Rhodes
71%
Philippines Mindanao
68%
Arctic archipelago (Canada) Ellesmere
67%
Canary Islands Gran Canaria
67%
Aegean Islands Lesbos
65%
Sunda Islands Sulawesi
65%
Lesser Antilles Dominica
64%
Japan Okinawa
64%
Arctic archipelago (Canada) Victoria
62%
Japan Shikoku
61%
Lesser Antilles Martinique
57%
Hawaii Maui
55%
British Isles Mainland (Shetland)
46%
Lesser Antilles Basse-Terre (Guadeloupe)
45%
Bahama Archipelago Grand Bahama
45%
British Isles Isle of Skye
44%
Sunda Islands Timor
43%
Arctic archipelago (Canada) Banks
39%
Canary Islands Lanzarote
38%
Canary Islands Fuerteventura
37%
Hawaii Kauaʻi
36%
British Isles Lewis and Harris
34%
Canary Islands La Palma
33%
Philippines Palawan
32%
Aegean Islands Evia
30%
Philippines Negros
29%
Channel Islands (Europe) Sark
26%
Hawaii Molokaʻi
24%
Channel Islands (Europe) Alderney
23%
Bahama Archipelago North Andros
23%
Bahama Archipelago South Andros
23%
Arctic archipelago (Canada) Devon
22%
Aegean Islands Chíos
21%
Philippines Samar
15%
Greater Antilles Isla de la Juventud
14%
Bahama Archipelago Great Abaco
10%
Channel Islands (Europe) Herm
10%
Lesser Antilles Margarita Island
10%
Bahama Archipelago Great Inagua
9%
No matching quizzes found
Score Distribution
Percent of People with Each Score
Percentile by Number Answered
Your Score History
You have not taken this quiz